000 00722nam a22002297a 4500
005 20170124105917.0
010 _aB-189925
020 _c00.00
_a9780070603592
035 _aB-189925
037 _bCen Lib/Ret
040 _aDPL
_bEN
082 _a005.8
_bSAL
100 _aSlade, Robert M.
_92978
245 _aSoftware Forensics :
_cby Robert M. Slade
_bcollecting evidence from the scene of a digital crime /
260 _aNew Delhi
_bTata McGraw-Hill Publishing
_c2004
270 _a7, West Patel Nagar
_bNew Delhi
_e110008
300 _axi, 215p.
_c24cm(pbk)
500 _aIncludes index
650 _aForensics Science
_92979
650 _aDigital Crime
_92980
942 _2ddc
_cEN
_h005.8
_mSLA
999 _c122900
_d122900